Terminál zabezpečovacieho systému

Salvato in:
Dettagli Bibliografici
Autore principale: Fusko, Jaroslav (Autore)
Altri autori: Spudil, Ivan, 1939- (Relatore della tesi)
Natura: Manoscritto Libro
Lingua:slovacco
Pubblicazione: Bratislava : STU v Bratislave FEI, 2000
Soggetti:
Tags: Aggiungi Tag
Nessun Tag, puoi essere il primo ad aggiungerne!!

MARC

LEADER 00000ntm a22000003a 4500
001 stu56375
005 20160719164834.3
008 010201s2000------------------------slo-d
040 |a STU  |b slo 
041 0 |a slo 
100 1 |a Fusko, Jaroslav  |4 aut 
245 1 |a Terminál zabezpečovacieho systému 
260 |a Bratislava :  |b STU v Bratislave FEI,  |c 2000 
300 |a 60 s 
650 7 |a elektronika  |2 stusub 
700 1 |a Spudil, Ivan,  |d 1939-  |4 ths  |u E230  |U FEI Fakulta elektrotechniky a informatiky  |T FEI Katedra rádioelektroniky  |X 3794  |U E230  |Y 71  |7 A000003794